000 00445nam a2200205Ia 4500
001 110252
003 YMCAF
005 20230512162414.0
008 100717s2004 ||||||||||||||||| ||und|d
024 _a110252
035 _aWB1239
040 _aYMCAF
_beng
_cIN-KoLT
041 _aeng
082 _a004.35
_bCAR
100 _aCarter, Nicholas
245 0 _aComputer architecture
260 _bTMH
_c2004
300 _a306
942 _2ddc
_cBK
999 _c11800
_d11800